| 000 | 00559nam a2200193Ia 4500 | ||
|---|---|---|---|
| 003 | OSt | ||
| 005 | 20250627160141.0 | ||
| 008 | 210210b1994 xxu||||| |||| 00| 0 eng d | ||
| 040 | _cAL | ||
| 041 | _aKannada | ||
| 082 | _aK894.108 KARK | ||
| 100 |
_aKARNATAKA SAHITYA AKADEMI. _dಕರ್ನಾಟಕ ಸಾಹಿತ್ಯ ಅಕಾಡೆಮಿ _9216337 |
||
| 245 |
_aKavite - 1993. _bಕವಿತೆ |
||
| 260 |
_aBengaluru _bKarnataka Sahitya Akademi _c1994 |
||
| 300 | _a233 | ||
| 690 |
_aKannada Poetry _9216338 |
||
| 906 | _a054076 | ||
| 942 |
_2ddc _cBK |
||
| 999 |
_c101988 _d101988 |
||